| 000 | 00683 a2200253 4500 | ||
|---|---|---|---|
| 005 | 20260317125419.0 | ||
| 008 | 260317b |||||||| |||| 00| 0 eng d | ||
| 020 |
_a9789393405678 _cRs. 1995.00 |
||
| 040 | _aMAIN | ||
| 082 |
_a613.7046 _bD642Y |
||
| 100 | _aDiwakar Singh | ||
| 245 | _aYoga and diet therapy for psychological and life style disorders | ||
| 260 |
_bAgri-Biovet Press _c2026 _aNew Delhi |
||
| 300 | _axxiii, 317 | ||
| 650 | _aYoga | ||
| 650 | _aPersonal Health | ||
| 650 | _aPhysical Health | ||
| 700 | _aNarayan, Deo | ||
| 700 | _aNiyogi, Debasish | ||
| 700 | _aMehta, Reetu | ||
| 700 | _aMishra, Ragini | ||
| 700 | _aSingh, Pratibha | ||
| 942 | _cBK | ||
| 999 |
_c396219 _d396219 |
||